[Event "AZE-ch (Women)"]
[Site "Baku"]
[Date "2019.02.11"]
[Round "8"]
[White "Hajiyeva, Laman"]
[Black "Hojjatova, Aydan Hikmat Qizi"]
[Result "1-0"]
[WhiteElo "2040"]
[BlackElo "2303"]
[PlyCount "71"]
[EventDate "2019.02.04"]
[EventType "swiss"]
[EventRounds "9"]
[EventCountry "AZE"]
[SourceTitle "CBM 188 Extra"]
[Source "ChessBase"]
[SourceDate "2019.02.26"]
[SourceVersion "1"]
[SourceVersionDate "2019.02.26"]
[SourceQuality "1"]

1. d4 e6 2. c4 Nf6 3. Nc3 Bb4 4. e3 0-0 5. Bd3 d5 6. a3 Bxc3+ 7. bxc3 c5 8. cxd5 exd5 9. Ne2 b6 10. 0-0 Ba6 11. Ng3 Re8 12. f3 Bxd3 13. Qxd3 Nc6 14. Bb2 c4 15. Qd2 h5 16. Rae1 g6 17. Bc1 h4 18. Nh1 Na5 19. Qf2 Nb3 20. e4 Nxc1 21. Rxc1 Qe7 22. e5 Nh5 23. f4 f5 24. Qf3 Rad8 25. g4 hxg3 26. hxg3 Ng7 27. Nf2 Qxa3 28. g4 Qf8 29. Kg2 Ne6 30. gxf5 gxf5 31. Nd1 Qf7 32. Ne3 Ng7 33. Kf2 Kf8 34. Rg1 a5 35. Rg5 Qd7 36. Qh3 1-0

[Event "AZE-ch (Women)"]
[Site "Baku"]
[Date "2019.02.04"]
[Round "1"]
[White "Hojjatova, Aydan Hikmat Qizi"]
[Black "Babayeva, Samira"]
[Result "1-0"]
[WhiteElo "2303"]
[BlackElo "1773"]
[PlyCount "61"]
[EventDate "2019.02.04"]
[EventType "swiss"]
[EventRounds "9"]
[EventCountry "AZE"]
[SourceTitle "CBM 188 Extra"]
[Source "ChessBase"]
[SourceDate "2019.02.26"]
[SourceVersion "1"]
[SourceVersionDate "2019.02.26"]
[SourceQuality "1"]

1. e4 d6 2. d4 c6 3. Nc3 Qc7 4. f4 e5 5. Nf3 Bg4 6. Be3 Be7 7. Be2 Nd7 8. 0-0 f6 9. a4 Nh6 10. Bc4 f5 11. h3 Bxf3 12. Qxf3 0-0-0 13. Be6 fxe4 14. Qxe4 d5 15. Qxe5 Bf6 16. Qxc7+ Kxc7 17. g4 Rhe8 18. f5 Nf8 19. g5 Nxe6 20. fxe6 Rxe6 21. Bf4+ Kc8 22. gxf6 Rxf6 23. Be5 Rg6+ 24. Kh2 Rd7 25. Rf8+ Rd8 26. Raf1 a6 27. a5 Rg5 28. Na4 Rxf8 29. Rxf8+ Kd7 30. Nc5+ Ke7 31. Rb8 1-0

[Event "Wch U20 Girls 36th"]
[Site "Manavgat"]
[Date "2018.09.14"]
[Round "10"]
[White "Paramzina, Anastasya"]
[Black "Hojjatova, Aydan Hikmat Qizi"]
[Result "1-0"]
[WhiteElo "2222"]
[BlackElo "2356"]
[PlyCount "73"]
[EventDate "2018.09.05"]
[EventType "swiss"]
[EventRounds "11"]
[EventCountry "TUR"]
[SourceTitle "CBM 186 Extra"]
[Source "ChessBase"]
[SourceDate "2018.08.24"]
[SourceVersion "1"]
[SourceVersionDate "2018.08.24"]
[SourceQuality "1"]

1. Nf3 Nf6 2. e3 e6 3. b3 d5 4. Bb2 Bd6 5. Be2 0-0 6. 0-0 b6 7. c4 Bb7 8. Nc3 c5 9. cxd5 Nxd5 10. Rc1 Nd7 11. Ne4 Be7 12. d3 N7f6 13. a3 Rc8 14. Rc2 Qd7 15. Ne5 Qb5 16. Rd2 Rfd8 17. a4 Qe8 18. Ng5 Rc7 19. Ngxf7 Rdc8 20. Ng5 Bf8 21. Qa1 h6 22. Ngf3 a6 23. Nh4 g5 24. Nhg6 Bg7 25. e4 Nb4 26. f4 g4 27. Nh4 h5 28. f5 Qd8 29. Bc3 Bh6 30. fxe6 Be3+ 31. Kh1 Nxe4 32. dxe4 Bxd2 33. Bc4 Qxh4 34. e7+ Nd5 35. exd5 b5 36. Bxd2 bxc4 37. Ng6 1-0

[Event "EU-ch ACP (Women) Rapid"]
[Site "Tbilisi"]
[Date "2018.03.30"]
[Round "5"]
[White "Mkrtchian, Lilit"]
[Black "Hojjatova, Aydan Hikmat Qizi"]
[Result "1-0"]
[WhiteElo "2403"]
[BlackElo "2344"]
[PlyCount "47"]
[EventDate "2018.03.30"]
[EventType "swiss (rapid)"]
[EventRounds "11"]
[EventCountry "GEO"]
[SourceTitle "CBM 183 Extra"]
[Source "ChessBase"]
[SourceDate "2018.04.19"]
[SourceVersion "1"]
[SourceVersionDate "2018.04.19"]
[SourceQuality "1"]

1. c4 e6 2. Nc3 Nf6 3. e4 d5 4. e5 Ne4 5. Nf3 Nc6 6. d4 Bb4 7. Qc2 f6 8. Bd3 f5 9. 0-0 0-0 10. cxd5 exd5 11. Nxd5 Kh8 12. Bc4 Be6 13. Nf4 Bxc4 14. Qxc4 Qe7 15. d5 Na5 16. Qd3 Rad8 17. a3 Bc5 18. b4 g5 19. bxc5 gxf4 20. Bb2 Qxc5 21. d6 Nc4 22. Bd4 Qd5 23. e6+ Kg8 24. e7 1-0

[Event "Moscow op-B (Women) 14th"]
[Site "Moscow"]
[Date "2018.02.02"]
[Round "7"]
[White "Hojjatova, Aydan Hikmat Qizi"]
[Black "Mirzoeva, Elmira"]
[Result "1-0"]
[WhiteElo "2336"]
[BlackElo "2286"]
[PlyCount "66"]
[EventDate "2018.01.27"]
[EventType "swiss"]
[EventRounds "9"]
[EventCountry "RUS"]
[SourceTitle "CBM 182 Extra"]
[Source "ChessBase"]
[SourceDate "2018.02.23"]
[SourceVersion "1"]
[SourceVersionDate "2018.02.23"]
[SourceQuality "1"]

1. e4 c5 2. Nf3 Nc6 3. Bb5 g6 4. Bxc6 bxc6 5. 0-0 Bg7 6. Re1 Rb8 7. c3 Nf6 8. e5 Nd5 9. d4 cxd4 10. Qxd4 Qb6 11. Qh4 0-0 12. Nbd2 f6 13. Nc4 Qc7 14. exf6 exf6 15. Ne3 Nxe3 16. Bxe3 d6 17. Qg3 Rxb2 18. Bf4 Rd8 19. Rad1 Bf8 20. Nd2 Qf7 21. Ne4 d5 22. c4 Be7 23. Nd6 Bxd6 24. Bxd6 dxc4 25. h4 Be6 26. Re3 Qd7 27. Rd4 Bd5 28. Be7 Re8 29. Bxf6 Rxe3 30. Qxe3 Rb1+ 31. Kh2 Qe6 32. Be5 c3 33. Rf4 Qe7 1-0

[Event "Moscow op-B (Women) 14th"]
[Site "Moscow"]
[Date "2018.02.01"]
[Round "6"]
[White "Gaboyan, Susanna"]
[Black "Hojjatova, Aydan Hikmat Qizi"]
[Result "1/2-1/2"]
[WhiteElo "2168"]
[BlackElo "2336"]
[PlyCount "61"]
[EventDate "2018.01.27"]
[EventType "swiss"]
[EventRounds "9"]
[EventCountry "RUS"]
[SourceTitle "CBM 182 Extra"]
[Source "ChessBase"]
[SourceDate "2018.02.23"]
[SourceVersion "1"]
[SourceVersionDate "2018.02.23"]
[SourceQuality "1"]

1. d4 e6 2. e4 d5 3. Nc3 Bb4 4. e5 c5 5. a3 Bxc3+ 6. bxc3 Qa5 7. Bd2 Qa4 8. Nf3 Ne7 9. dxc5 Nd7 10. Nd4 a6 11. f4 Nxc5 12. Bd3 Nc6 13. Nb3 Ne4 14. 0-0 0-0 15. Be1 f6 16. exf6 Rxf6 17. Qe2 b5 18. Bh4 Rf7 19. Bxe4 Qxe4 20. Qxe4 dxe4 21. Rae1 e5 22. Rxe4 Bf5 23. Re2 Be6 24. Nd2 Bg4 25. Ref2 exf4 26. h3 Bf5 27. Rxf4 Raf8 28. c4 Bxc2 29. Rxf7 Rxf7 30. Rxf7 Kxf7 31. cxb5 1/2-1/2

[Event "Olympiad Women-42"]
[Site "Baku"]
[Date "2016.09.11"]
[Round "9.4"]
[White "Hojjatova, Aydan Hikmat Qizi"]
[Black "Gaponenko, Inna"]
[Result "0-1"]
[WhiteElo "2339"]
[BlackElo "2416"]
[PlyCount "141"]
[EventDate "2016.09.02"]
[EventType "team-swiss"]
[EventRounds "11"]
[EventCountry "AZE"]
[SourceTitle "CBM 174 Extra"]
[Source "ChessBase"]
[SourceDate "2016.10.10"]
[SourceVersion "1"]
[SourceVersionDate "2016.10.10"]
[SourceQuality "1"]
[WhiteTeam "Azerbaijan (W)"]
[BlackTeam "Ukraine (W)"]
[WhiteTeamCountry "AZE"]
[BlackTeamCountry "UKR"]

1. e4 c5 2. Nf3 Nf6 3. e5 Nd5 4. c4 Nc7 5. d4 cxd4 6. Nxd4 g6 7. Bd3 Bg7 8. Nf3 Nc6 9. Qe2 d6 10. exd6 Qxd6 11. Nbd2 Ne6 12. Ne4 Qb4+ 13. Bd2 Qxb2 14. Rb1 Qxa2 15. 0-0 0-0 16. Qe3 Ned4 17. Nxd4 Bxd4 18. Qh6 Bg7 19. Qe3 Qa3 20. Rfc1 f5 21. c5 Ne5 22. Rc3 Qa4 23. Bc2 Qc6 24. Ng5 h6 25. Bb3+ Kh8 26. f4 Ng4 27. Qxe7 Qf6 28. Nf7+ Kh7 29. Qxf6 Bxf6 30. Rd3 Be7 31. Rc1 Nf6 32. Re3 Ne4 33. Nd6 Bxd6 34. cxd6 Rd8 35. Bd5 Rxd6 36. Bxe4 fxe4 37. Bb4 Rc6 38. Rxc6 bxc6 39. Rxe4 Bf5 40. Re7+ Kg8 41. Ba5 Rb8 42. Rxa7 Rb1+ 43. Kf2 Rb2+ 44. Kf3 h5 45. Rc7 Rb3+ 46. Kf2 Be4 47. g3 Kf8 48. Bd2 Ke8 49. Ba5 Rb2+ 50. Ke3 Bd5 51. Kd4 Rxh2 52. Ke5 Re2+ 53. Kf6 Re6+ 54. Kg7 Be4 55. Bb4 Bf5 56. Bc5 Kd8 57. Rf7 Re2 58. Ra7 Rc2 59. Ra5 Rc3 60. Bf2 Ke7 61. Re5+ Kd6 62. Kf6 c5 63. Re8 Rc2 64. Be3 c4 65. Rd8+ Kc7 66. Rd4 Bd3 67. Rd5 Rg2 68. Rc5+ Kd6 69. f5 gxf5 70. Rc8 Kd7 71. Rc5 0-1

[Event "Olympiad Women-42"]
[Site "Baku"]
[Date "2016.09.06"]
[Round "5.4"]
[White "Fuchs, Judith"]
[Black "Hojjatova, Aydan Hikmat Qizi"]
[Result "0-1"]
[WhiteElo "2287"]
[BlackElo "2339"]
[PlyCount "70"]
[EventDate "2016.09.02"]
[EventType "team-swiss"]
[EventRounds "11"]
[EventCountry "AZE"]
[SourceTitle "CBM 174 Extra"]
[Source "ChessBase"]
[SourceDate "2016.10.10"]
[SourceVersion "1"]
[SourceVersionDate "2016.10.10"]
[SourceQuality "1"]
[WhiteTeam "Germany (W)"]
[BlackTeam "Azerbaijan (W)"]
[WhiteTeamCountry "GER"]
[BlackTeamCountry "AZE"]

1. e4 e6 2. d4 d5 3. Nc3 Bb4 4. a3 Bxc3+ 5. bxc3 dxe4 6. Qg4 Nf6 7. Qxg7 Rg8 8. Qh6 Rg6 9. Qe3 Nc6 10. Ne2 Ne7 11. Ng3 Bd7 12. Be2 Ba4 13. Rb1 Bc6 14. c4 h5 15. h4 Ng4 16. Bxg4 Rxg4 17. c3 Ng6 18. Qh6 Rxh4 19. Rg1 Rg4 20. Qxh5 Qh4 21. d5 Bd7 22. Rxb7 f5 23. Qxh4 Nxh4 24. Ke2 exd5 25. cxd5 0-0-0 26. Rb4 f4 27. Bxf4 Rxf4 28. Nxe4 Re8 29. Ke3 Rg4 30. g3 Bf5 31. f4 Rg7 32. Rd1 Rxg3+ 33. Kd4 Rxe4+ 34. Kc5 Rxc3+ 35. Kb5 Bd7+ 0-1

[Event "Olympiad Women-42"]
[Site "Baku"]
[Date "2016.09.04"]
[Round "3.4"]
[White "Hojjatova, Aydan Hikmat Qizi"]
[Black "Kulon, Klaudia"]
[Result "0-1"]
[WhiteElo "2339"]
[BlackElo "2346"]
[PlyCount "62"]
[EventDate "2016.09.02"]
[EventType "team-swiss"]
[EventRounds "11"]
[EventCountry "AZE"]
[SourceTitle "CBM 174 Extra"]
[Source "ChessBase"]
[SourceDate "2016.10.10"]
[SourceVersion "1"]
[SourceVersionDate "2016.10.10"]
[SourceQuality "1"]
[WhiteTeam "Azerbaijan (W)"]
[BlackTeam "Poland (W)"]
[WhiteTeamCountry "AZE"]
[BlackTeamCountry "POL"]

1. e4 c5 2. Nf3 d6 3. Bb5+ Nd7 4. a4 a6 5. Bc4 Ngf6 6. Nc3 g6 7. 0-0 Bg7 8. a5 e5 9. d3 0-0 10. Bd2 h6 11. Qb1 Nb8 12. b4 cxb4 13. Qxb4 Nc6 14. Qa3 Bg4 15. Ne1 Nd4 16. f3 Be6 17. Na4 d5 18. exd5 Nxd5 19. c3 Ne2+ 20. Kf2 Ndf4 21. g3 Bxc4 22. gxf4 Bxd3 23. Nxd3 Qxd3 24. Rad1 Nd4 25. Kg3 Nf5+ 26. Kf2 e4 27. fxe4 Bd4+ 28. cxd4 Qxa3 29. Nb6 Nh4 30. Be3 Rad8 31. d5 Rfe8 0-1

[Event "Olympiad Women-42"]
[Site "Baku"]
[Date "2016.09.02"]
[Round "1.4"]
[White "Alarcon, Pamela"]
[Black "Hojjatova, Aydan Hikmat Qizi"]
[Result "0-1"]
[WhiteElo "1834"]
[BlackElo "2339"]
[PlyCount "48"]
[EventDate "2016.09.02"]
[EventType "team-swiss"]
[EventRounds "11"]
[EventCountry "AZE"]
[SourceTitle "CBM 174 Extra"]
[Source "ChessBase"]
[SourceDate "2016.10.10"]
[SourceVersion "1"]
[SourceVersionDate "2016.10.10"]
[SourceQuality "1"]
[WhiteTeam "Nicaragua (W)"]
[BlackTeam "Azerbaijan (W)"]
[WhiteTeamCountry "NCA"]
[BlackTeamCountry "AZE"]

1. d4 e6 2. c4 Nf6 3. a3 d5 4. Nc3 c5 5. e3 dxc4 6. Bxc4 a6 7. Nf3 b5 8. Bd3 Bb7 9. 0-0 Nbd7 10. Re1 Be7 11. Rb1 Rc8 12. Bd2 0-0 13. b4 cxd4 14. exd4 Nb6 15. Ne4 Nxe4 16. Bxe4 Bxe4 17. Rxe4 Nc4 18. Bc1 Bf6 19. Rb3 Qd5 20. Re1 Rfd8 21. Be3 e5 22. Qa1 exd4 23. Bxd4 Bxd4 24. Nxd4 Qxd4 0-1

[Event "Nakhchivan op"]
[Site "Nakhchivan"]
[Date "2016.05.17"]
[Round "8"]
[White "Kazimova, Narmin Nizami Qizi"]
[Black "Hojjatova, Aydan Hikmat Qizi"]
[Result "0-1"]
[WhiteElo "2364"]
[BlackElo "2300"]
[PlyCount "66"]
[EventDate "2016.05.10"]
[EventType "swiss"]
[EventRounds "9"]
[EventCountry "AZE"]
[SourceTitle "EXT 2017"]
[Source "ChessBase"]
[SourceDate "2016.10.25"]
[SourceVersion "1"]
[SourceVersionDate "2016.10.25"]
[SourceQuality "1"]

1. d4 e6 2. c4 Nf6 3. Nc3 Bb4 4. Nf3 d5 5. Bg5 h6 6. Bxf6 Qxf6 7. Qb3 Bxc3+ 8. Qxc3 c6 9. e3 0-0 10. Bd3 Nd7 11. cxd5 exd5 12. Rc1 Nb6 13. Qc2 Be6 14. 0-0 Rfc8 15. Nd2 Rc7 16. b4 Qe7 17. Qb3 Nd7 18. Bb1 a5 19. Qd3 g6 20. b5 Rac8 21. e4 Qb4 22. bxc6 Rxc6 23. Rxc6 Rxc6 24. Qe3 Kg7 25. e5 Rc3 26. Qe2 Qxd4 27. Nf3 Qc4 28. Qd2 Bg4 29. Nd4 Nxe5 30. Qf4 Nc6 31. Qxg4 Nxd4 32. Qd1 Ne2+ 33. Kh1 Rc1 0-1

[Event "Nakhchivan op"]
[Site "Nakhchivan"]
[Date "2016.05.10"]
[Round "1"]
[White "Abasov, Nijat Azad"]
[Black "Hojjatova, Aydan Hikmat Qizi"]
[Result "1/2-1/2"]
[WhiteElo "2571"]
[BlackElo "2300"]
[PlyCount "94"]
[EventDate "2016.05.10"]
[EventType "swiss"]
[EventRounds "9"]
[EventCountry "AZE"]
[SourceTitle "CBM 172 Extra"]
[Source "ChessBase"]
[SourceDate "2016.06.21"]
[SourceVersion "1"]
[SourceVersionDate "2016.06.21"]
[SourceQuality "1"]

1. d4 e6 2. Nf3 Nf6 3. Bf4 d5 4. e3 Bd6 5. Bg3 0-0 6. Bd3 c5 7. c3 b6 8. Nbd2 Bb7 9. Ne5 Nc6 10. f4 Ne7 11. Qf3 Nf5 12. Bf2 Be7 13. 0-0 Nd6 14. Rad1 c4 15. Bc2 b5 16. Bh4 Nfe4 17. Bxe7 Qxe7 18. Qe2 f6 19. Ng4 a5 20. Rf3 f5 21. Ne5 Nf7 22. Nxf7 Rxf7 23. Bxe4 fxe4 24. Rf2 b4 25. Nb1 Bc6 26. Rd2 Rb8 27. g3 Be8 28. h4 Rf6 29. h5 g6 30. hxg6 Rxg6 31. Rg2 Qg7 32. g4 h6 33. Qe1 Bd7 34. Qh4 Kf7 35. Rg3 Rg8 36. Rdg2 Ba4 37. g5 Rh8 38. gxh6 Rhxh6 39. Rxg6 Qxg6 40. Qd8 Qh7 41. Kf2 Rh2 42. Qg5 Qh4+ 43. Qxh4 Rxh4 44. Nd2 bxc3 45. bxc3 Rh8 46. Nb1 Rb8 47. Na3 Rb2+ 1/2-1/2

[Event "AZE-ch (Women)"]
[Site "Baku"]
[Date "2016.03.23"]
[Round "9"]
[White "Khalafova, Narmin Ilgar Qizi"]
[Black "Hojjatova, Aydan Hikmat Qizi"]
[Result "0-1"]
[WhiteElo "2154"]
[BlackElo "2323"]
[PlyCount "148"]
[EventDate "2016.03.15"]
[EventType "swiss"]
[EventRounds "9"]
[EventCountry "AZE"]
[SourceTitle "CBM 171 Extra"]
[Source "ChessBase"]
[SourceDate "2016.04.26"]
[SourceVersion "1"]
[SourceVersionDate "2016.04.26"]
[SourceQuality "1"]

1. e4 e6 2. d4 d5 3. Nd2 c5 4. Ngf3 cxd4 5. Nxd4 Nf6 6. exd5 Qxd5 7. Nb5 Na6 8. Be2 Qxg2 9. Bf3 Qg5 10. Qe2 Bd7 11. Nc3 Nb4 12. Nde4 Qe5 13. a3 Nc6 14. Be3 Nxe4 15. Bxe4 f5 16. f4 Qf6 17. Bg2 Be7 18. 0-0-0 Rd8 19. Rd3 0-0 20. Rhd1 Be8 21. Rxd8 Bxd8 22. Rd6 Kh8 23. Bd5 Bf7 24. Bxc6 bxc6 25. Rxc6 Qe7 26. Ra6 Qh4 27. Rxa7 Bf6 28. Qd2 Qh3 29. Rd7 Bh5 30. Qf2 Bh4 31. Qg1 Bg4 32. Rd3 Qf3 33. Kb1 Qb7 34. Bd4 Rf7 35. Be5 h6 36. h3 Bh5 37. Rd6 Be7 38. Rxe6 Bxa3 39. Rxh6+ Kg8 40. b3 Bf3 41. Rb6 Qe7 42. Nb5 Bc5 43. Rb8+ Kh7 44. Bd4 Bd6 45. Nxd6 Qxd6 46. Be5 Qd2 47. Rb6 Bg2 48. Rd6 Qe2 49. Kc1 Qe4 50. Rd3 Qb7 51. Rg3 Be4 52. Kb2 Rd7 53. Qc5 Qa6 54. Qf8 Qa7 55. Rc3 Rd1 56. Qxg7+ Qxg7 57. Bxg7 Kxg7 58. Rc7+ Kf6 59. c4 Rf1 60. b4 Rxf4 61. b5 Rf2+ 62. Kb3 Rf3+ 63. Kb4 Rxh3 64. c5 f4 65. c6 f3 66. Rc8 Rh7 67. b6 f2 68. b7 f1Q 69. b8Q Qb1+ 70. Kc5 Rh5+ 71. Kd6 Qd3+ 72. Kc7 Rh7+ 73. Kb6 Qd4+ 74. Kb5 Bd3+ 0-1

[Event "AZE-ch (Women)"]
[Site "Baku"]
[Date "2016.03.22"]
[Round "8"]
[White "Fataliyeva, Ulviyya Hasil Qizi"]
[Black "Hojjatova, Aydan Hikmat Qizi"]
[Result "1/2-1/2"]
[WhiteElo "2295"]
[BlackElo "2323"]
[PlyCount "61"]
[EventDate "2016.03.15"]
[EventType "swiss"]
[EventRounds "9"]
[EventCountry "AZE"]
[SourceTitle "CBM 171 Extra"]
[Source "ChessBase"]
[SourceDate "2016.04.26"]
[SourceVersion "1"]
[SourceVersionDate "2016.04.26"]
[SourceQuality "1"]

1. Nf3 Nf6 2. g3 g6 3. Bg2 Bg7 4. 0-0 d6 5. c4 0-0 6. Nc3 e5 7. d3 Nc6 8. Rb1 a5 9. a3 Nd4 10. b4 axb4 11. axb4 c6 12. b5 Bg4 13. Bg5 Bxf3 14. Bxf3 Nxf3+ 15. exf3 h6 16. Bxf6 Bxf6 17. bxc6 bxc6 18. Rb7 Ra3 19. Qc2 Bg7 20. Rfb1 Qa5 21. R1b3 Rxb3 22. Qxb3 Ra8 23. Kg2 Qa3 24. Ne4 Qxb3 25. Rxb3 d5 26. Nc5 Ra2 27. Rb8+ Kh7 28. Rb7 Kg8 29. Rb8+ Kh7 30. Rb7 Kg8 31. Rb8+ 1/2-1/2

[Event "AZE-ch (Women)"]
[Site "Baku"]
[Date "2016.03.20"]
[Round "6"]
[White "Kazimova, Narmin Nizami Qizi"]
[Black "Hojjatova, Aydan Hikmat Qizi"]
[Result "1-0"]
[WhiteElo "2317"]
[BlackElo "2323"]
[PlyCount "153"]
[EventDate "2016.03.15"]
[EventType "swiss"]
[EventRounds "9"]
[EventCountry "AZE"]
[SourceTitle "CBM 171 Extra"]
[Source "ChessBase"]
[SourceDate "2016.04.26"]
[SourceVersion "1"]
[SourceVersionDate "2016.04.26"]
[SourceQuality "1"]

1. d4 e6 2. c4 Nf6 3. Nc3 Bb4 4. Nf3 d5 5. Bg5 h6 6. Bxf6 Qxf6 7. e3 c5 8. cxd5 exd5 9. Bb5+ Bd7 10. Bxd7+ Nxd7 11. 0-0 Bxc3 12. bxc3 0-0 13. Qb3 Qc6 14. Rab1 b6 15. c4 Nf6 16. cxd5 Qxd5 17. Qxd5 Nxd5 18. dxc5 bxc5 19. Rb5 Rfc8 20. Rc1 Rab8 21. Rcxc5 Rxb5 22. Rxc8+ Kh7 23. g4 Rb1+ 24. Kg2 Rb2 25. Kg3 Rxa2 26. Ne5 f6 27. Nf7 g6 28. Rc5 Kg7 29. Nd6 Ne7 30. Rc7 Kf8 31. Rb7 Ra6 32. Rb8+ Kg7 33. Rb7 Kf8 34. Rb8+ Kg7 35. Re8 Nd5 36. Rd8 Ne7 37. Rd7 Kf8 38. Rd8+ Kg7 39. Rd7 Kf8 40. Nb5 Ra1 41. Nxa7 Rg1+ 42. Kf3 Rh1 43. Kg2 Rb1 44. Nc8 Nxc8 45. Rd8+ Kg7 46. Rxc8 g5 47. Rc7+ Kg6 48. Rc6 Rb3 49. Kg3 Ra3 50. h4 gxh4+ 51. Kxh4 Rb3 52. Rc7 Rb6 53. f4 f5 54. Rc5 fxg4 55. Kxg4 Rb1 56. Rc6+ Kg7 57. e4 Rg1+ 58. Kf5 h5 59. Rc3 Kh6 60. Rh3 Rg7 61. e5 Rf7+ 62. Ke4 Ra7 63. e6 Kg6 64. f5+ Kf6 65. Rxh5 Ra4+ 66. Kd5 Ra5+ 67. Kc6 Ra6+ 68. Kb7 Ra1 69. Rh8 Rb1+ 70. Kc6 Rc1+ 71. Kd5 Rd1+ 72. Kc4 Rc1+ 73. Kd3 Rd1+ 74. Ke2 Rd5 75. Rf8+ Ke7 76. Rf7+ Ke8 77. Ke3 1-0